00000000nam 2200000zi 4500
0019.954677
003CaOODSP
00520250902103432
006m     o  d f      
007cr cn|||||||||
008250902e20241021onc     ob   f000 0 eng d
040 |aCaOODSP|beng|erda|cCaOODSP
043 |an-cn---
0861 |aRv55-8/7-4-4-2024E-PDF
24500|aCustoms Bonded Warehouses.
250 |a[October 21, 2024 edition].
264 1|aOttawa : |bCanada Border Services Agency = Agence des services frontaliers du Canada, |cOctober 21, 2024.
300 |a1 online resource (12 pages).
336 |atext|btxt|2rdacontent
337 |acomputer|bc|2rdamedia
338 |aonline resource|bcr|2rdacarrier
4901 |aMemorandum ; |vD7-4-4
500 |aCaption title.
500 |aIssued also in French under title: Entrepôts de stockage des douanes.
500 |a"Superseded D memoranda D7-4-4 dated July 13, 2001."
504 |aIncludes bibliographical references (pages 11-12).
520 |a"This memorandum outlines and explains the procedures to be followed by an individual or company when applying for a Customs Bonded Warehouse (CBW) licence, and the conditions under which such warehouse must be operated"--Page [1].
650 0|aImports|xGovernment policy|zCanada.
650 0|aExports|xGovernment policy|zCanada.
650 0|aTariff|xLaw and legislation|zCanada.
650 0|aCustomhouses|xLicenses|zCanada.
7102 |aCanada Border Services Agency, |eissuing body.
77508|tEntrepôts de stockage des douanes.|w(CaOODSP)9.954678
795 |tCustoms Bonded Warehouses |b[October 21, 2015 edition]|w(CaOODSP)9.804961
830#0|aMemorandum (Canada Border Services Agency)|vD7-4-4.|w(CaOODSP)9.816825
85640|qPDF|s233 KB|uhttps://publications.gc.ca/collections/collection_2025/asfc-cbsa/Rv55-8-7-4-4-2024-eng.pdf